Statistics for Michael Jackson Album Quiz (Updated)

Click here to take the quiz!

General Stats

  • This quiz has been taken 428 times
  • The average score is 10 of 16

Answer Stats

YearAlbum% Correct
1982Thriller
99%
1987Bad
95%
1979Off The Wall
92%
1991Dangerous
85%
1995HIStory
81%
1972Ben
77%
2001Invincible
77%
2009This Is It
63%
2010Michael
62%
2014Xscape
62%
1997Blood On The Dance Floor
58%
1972Got To Be There
44%
1973Music and me
44%
1975Forever, Michael
40%
2011Immortal
22%
1984Farewell My Summer Love
16%

Score Distribution

Percentile by Number Answered

Percent of People with Each Score

Your Score History

You have not taken this quiz